Para tener la palabra fácil / (Record no. 133571)

MARC details
000 -LEADER
campo de control de longitud fija 00811nam a2200229 i 4500
001 - NÚMERO DE CONTROL
campo de control 133571
003 - IDENTIFICADOR DE NÚMERO DE CONTROL
campo de control ES-MaACL
005 - FECHA Y HORA DE LA ÚLTIMA TRANSACCIÓN
campo de control 20250801223405.0
007 - CAMPO FIJO DE DESCRIPCIÓN FÍSICA--INFORMACIÓN GENERAL
campo de control de longitud fija t|
008 - DATOS DE LONGITUD FIJA--INFORMACIÓN GENERAL
campo de control de longitud fija 070821q1940 sp |||| | spa d
100 1# - ENTRADA PRINCIPAL--NOMBRE DE PERSONA
Nombre de persona Stevens, E. W.
9 (RLIN) 108156
245 10 - MENCIÓN DEL TÍTULO
Título Para tener la palabra fácil /
Mención de responsabilidad, etc. E. W. Stevens.
250 ## - MENCION DE EDICION
Mención de edición 2ª ed. corr. y amp. por Federico Climent Terrer.
260 ## - PUBLICACIÓN, DISTRIBUCIÓN, ETC.
Lugar de publicación, distribución, etc. Barcelona :
Nombre del editor, distribuidor, etc. Sintes,
Fecha de publicación, distribución, etc. [ca. 1940]
300 ## - DESCRIPCIÓN FÍSICA
Extensión 125 p. ;
Dimensiones 18 cm.
490 1# - MENCIÓN DE SERIE
Mención de serie Las diez obras estimulantes del Dr. E. W. Stevens ;
Designación de volumen o secuencia 1
650 #4 - PUNTO DE ACCESO ADICIONAL DE MATERIA--TÉRMINO DE MATERIA
Término de materia o nombre geográfico como elemento de entrada Lengua española-
Subdivisión general Gramática-
Subdivisión de forma Ejercicios prácticos.
9 (RLIN) 163211
700 1# - ENTRADA AGREGADA--NOMBRE PERSONAL
Nombre de persona Climent Terrer, Federico,
Fechas asociadas al nombre 1860-ca. 1949
9 (RLIN) 39265
830 0# - PUNTO DE ACCESO ADICIONAL DE SERIE-TÍTULO UNIFORME
Título uniforme Las diez obras estimulantes del Dr. E. W. Stevens ;
Designación de volumen o secuencia 1
9 (RLIN) 186939
852 ## - LOCALIZACIÓN
Ubicación ES-MaACL
Número de control de estantería B-10127
Holdings
Estatus retirado Estado de pérdida Estado de daño No para préstamo Biblioteca de origen Biblioteca actual Ubicación en estantería Fecha de adquisición Fuente de adquisición Total de préstamos Signatura topográfica completa Código de barras Visto por última vez Precio de reemplazo Tipo de ítem Koha
        Biblioteca del Ateneo de Madrid Biblioteca del Ateneo de Madrid Sala Pardo Bazán 17/01/2008     B-10127 1139050 23/02/2023 23/02/2023 Libro impreso